Closest Capital Cities to Rabat (Morocco) Quiz Stats

Quiz not verified by Sporcle

Challenge
Share
Tweet
Embed
Score 0/30 Timer 03:00
0 Plays Today
Rank Capital City % Correct
02Madrid (Spain)
97.3%
03Algiers (Algeria)
95.6%
05Tunis (Tunisia)
94.7%
01Lisbon (Portugal)
93.8%
07Paris (France)
92%
10Rome (Italy)
91.2%
09Bern (Switzerland)
84.1%
08Tripoli (Libya)
81.4%
04Andorra La Vella (Andorra)
78.8%
16London (UK)
77.9%
24Dakar (Senegal)
77.9%
06Monaco (Monaco)
75.2%
10Vatican City (Vatican City)
74.3%
18Brussels (Belgium)
73.5%
14San Marino (San Marino)
71.7%
Rank Capital City % Correct
12Valletta (Malta)
70.8%
20Amsterdam (Netherlands)
69.9%
15Vaduz (Liechtenstein)
67.3%
19Dublin (Ireland)
67.3%
17Luxembourg (Luxembourg)
66.4%
23Bamako (Mali)
65.5%
13Nouakchott (Mauritania)
62.8%
22Zagreb (Croatia)
60.2%
26Niamey (Niger)
59.3%
20Ljubljana (Slovenia)
54.9%
30Banjul (Gambia)
52.2%
29Tirana (Albania)
49.6%
25Sarajevo (Bosnia & Herzegovina)
46%
28Ouagadougou (Burkina Faso)
44.2%
27Podgorica (Montenegro)
43.4%

You're not logged in!

Compare scores with friends on all Sporcle quizzes.
Join for Free
OR
Log In

You Might Also Like...

Show Comments

Extras

Top Quizzes Today


Score Distribution

Your Account Isn't Verified!

In order to create a playlist on Sporcle, you need to verify the email address you used during registration. Go to your Sporcle Settings to finish the process.

Report this User

Report this user for behavior that violates our Community Guidelines.

Details: